000 00435nam a22001697a 4500
005 20230117113155.0
008 160521b xxu||||| |||| 00| 0 eng d
020 _a978935237304
041 _aeng
082 _a547 BAH
100 _aArun Bahl B.S. Bahl
_96397
245 _aA Text Book of Organic Chemistry
260 _aNew Delhi
_bSultan Chand & Sons,
_c2021
300 _a1108
650 _aPHARMACY
_xB.PHARMA
_97083
942 _cBK
999 _c1238
_d1238